Score 0/18 Timer 03:00
0 Plays Today
Title Missing Word % Correct
Oz the _____ and PowerfulGreat
85.3%
Definitely, _____Maybe
85%
The _____ LegacyBourne
83.9%
The _____ Blue SeaDeep
83.2%
The Lovely _____Bones
80.1%
_____ a BoyAbout
70.2%
The _____ GardenerConstant
56.2%
_____ at the GatesEnemy
55.3%
Runaway _____Jury
39.9%
Title Missing Word % Correct
My ____ RachelCousin
39.5%
The _____ ReturnsMummy
37%
_____ ClausFred
35.3%
I _____ YouWant
20%
The ____ Between OceansLight
17.3%
The _____ of ThingsShape
14.4%
The _____ BloomBrothers
14.3%
Dream _____House
9.2%
My Blueberry _____Nights
8.5%

Today's Daily Dose

Remove Ads.
Support Sporcle.
Get the best of Sporcle when you Go Orange. This ad-free experience offers more features, more stats, and more fun while also helping to support Sporcle. Thank you for becoming a member.

You're not logged in!

Compare scores with friends on all Sporcle quizzes.
OR
Log In

Sporcle TV

Today on Sporcle TV


Watch our educational content, quiz creation guides, and fun videos on Sporcle TV.

Show Comments

Extras

Top Quizzes Today


Score Distribution

Paid Content

Your Account Isn't Verified!

In order to create a playlist on Sporcle, you need to verify the email address you used during registration. Go to your Sporcle Settings to finish the process.

Report this User

Report this user for behavior that violates our Community Guidelines.

Details: